[Event "Challenge"]
[Site "http://www.queenalice.com/game.php?id=249938"]
[Date "2007.8.3"]
[Round "-"]
[White "Bentley"]
[Black "lesangesleader"]
[Result "0-1"]
[WhiteElo "1330"]
[BlackElo "1742"]

1. e4 e6 2. e5 d5 3. d4 a6 4. Nf3 c5 5. h3 Nc6 6. Be3 cxd4 7. Nxd4 Nxe5 8. f4
Nd7 9. a3 Be7 10. Nc3 Ngf6 11. Qe2 O-O 12. O-O-O Nc5 13. g4 Nfe4 14. Nxe4 Nxe4
15. b4 Nc3 0-1

[Event "Challenge"]
[Site "http://www.queenalice.com/game.php?id=251115"]
[Date "2007.8.5"]
[Round "-"]
[White "Spock"]
[Black "Bentley"]
[Result "1-0"]
[WhiteElo "1585"]
[BlackElo "1366"]

1. e4 e5 2. Bc4 Nf6 3. Nf3 Nc6 4. c3 Bc5 5. d4 exd4 6. Nxd4 Nxd4 7. cxd4 Bb4+ 8.
Bd2 Bxd2+ 9. Nxd2 O-O 10. Qf3 d6 11. O-O c5 12. dxc5 dxc5 13. Rad1 Bg4 14. Qc3
Qd4 15. Qxd4 cxd4 16. f3 Be6 17. e5 Nd7 18. a4 a5 19. f4 Nc5 20. Bxe6 fxe6 21.
Rc1 Nd3 22. Rc7 b6 23. g3 Nxb2 24. g4 1-0

[Event "Challenge"]
[Site "http://www.queenalice.com/game.php?id=252466"]
[Date "2007.8.7"]
[Round "-"]
[White "commando"]
[Black "Bentley"]
[Result "1-0"]
[WhiteElo "1197"]
[BlackElo "1556"]

1. e4 e5 2. Qh5 Qf6 3. Nc3 g6 4. Qg4 Nh6 5. Qe2 Bc5 6. f3 c6 7. d3 d6 8. Bxh6 g5
9. Bxg5 Qxg5 10. Nh3 Qe3 11. Na4 Qxe2+ 12. Bxe2 Bxh3 13. gxh3 Na6 14. Nxc5 Nxc5
15. O-O-O O-O-O 16. d4 Ne6 17. d5 cxd5 18. exd5 1-0

[Event "Challenge"]
[Site "http://www.queenalice.com/game.php?id=414839"]
[Date "2008.6.8"]
[Round "-"]
[White "Bentley"]
[Black "Red1"]
[Result "1-0"]
[WhiteElo "1404"]
[BlackElo "1327"]

1. e4 e5 2. d4 f6 3. d5 c6 4. d6 Qa5+ 5. Bd2 Qb5 6. Bxb5 cxb5 7. Nc3 Nc6 8. Nxb5
a6 9. Nc7+ Kd8 10. Nxa8 Bxd6 11. Ba5+ Ke7 12. Qd5 Nxa5 13. Nc7 Bxc7 14. O-O-O b6
15. Nf3 Bb7 16. Qxd7+ Kf8 17. Qxc7 Ne7 18. Rd8+ Kf7 19. Rxh8 Ke6 20. Qxb6+ Nec6
21. Rd1 f5 22. exf5+ 1-0

[Event "Challenge"]
[Site "http://www.queenalice.com/game.php?id=420668"]
[Date "2008.6.20"]
[Round "-"]
[White "Bentley"]
[Black "Nimrod"]
[Result "1-0"]
[WhiteElo "1330"]
[BlackElo "1400"]

1. e4 e5 2. Qh5 Qe7 3. Nf3 d6 4. Nc3 Nf6 5. Qg5 h6 6. Qe3 Nbd7 7. Nb5 Qd8 8. d4
c6 9. Nc3 Ng4 10. Qd2 g5 11. d5 c5 12. Bb5 a6 13. Bxd7+ Bxd7 14. h3 Nf6 15. g4
c4 16. b3 cxb3 17. axb3 a5 18. Ba3 Rb8 19. O-O a4 20. bxa4 Rc8 21. Rfe1 Qa5 22.
Bb2 b5 23. axb5 Qc7 24. Qe3 Bxb5 25. Nxb5 Qxc2 26. Ba3 Nxe4 27. Rac1 Rc3 28.
Rxc2 Rxc2 29. Qxe4 Rc3 30. Nxc3 Bg7 31. Bxd6 Rf8 32. Bxe5 Kd8 33. Bxg7 Rg8 34.
d6 Re8 35. Bf6+ Kd7 36. Be5 Re6 37. Qb7+ Kd8 38. d7 f6 39. Qc8+ Ke7 40. d8=Q+
Kf7 41. Qf8+ Kg6 42. Qg8# 1-0

[Event "Challenge"]
[Site "http://www.queenalice.com/game.php?id=422361"]
[Date "2008.6.24"]
[Round "-"]
[White "Nimrod"]
[Black "Bentley"]
[Result "1-0"]
[WhiteElo "1374"]
[BlackElo "1362"]

1. e4 e5 2. Bc4 Nf6 3. f3 d5 4. Bxd5 Nxd5 5. exd5 Qxd5 6. d3 Nc6 7. Nc3 Qa5 8.
Qe2 Nd4 9. Qd2 Bb4 10. a3 O-O 11. Nh3 1-0

[Event "Challenge"]
[Site "http://www.queenalice.com/game.php?id=423628"]
[Date "2008.6.26"]
[Round "-"]
[White "Bentley"]
[Black "neves"]
[Result "0-1"]
[WhiteElo "1385"]
[BlackElo "1460"]

1. e4 e5 2. Nf3 d6 3. h3 h5 4. d4 f6 5. Nc3 f5 6. dxe5 fxe4 7. Bg5 Be7 8. Bxe7
Qxe7 9. Nd5 Qd7 10. Nd4 dxe5 11. Ne3 exd4 0-1